14 Quiz - Statistics

General Stats
  • This quiz has been taken 13 times
  • The average score is 9 of 15
Answer Stats
Hint Answer % Correct
Irrational number that is represented by 3.14 Pi
100%
Holiday on February 14th {Valentine}'s Day
92%
French prison that was stormed on July 14 Bastille
83%
A poem with 14 lines; Shakespeare wrote 154 of them Sonnet
83%
A period of 14 days Fortnight
75%
Composer who composed the Moonlight Sonata (aka Sonata No. 14) Ludwig van Beethoven
75%
Countries that border 14 other countries Russia
75%
Jesus birthplace that was marked with a 14-pointed star Bethlehem
67%
Countries that border 14 other countries China
67%
Italian explorer that embarked on a journey to find India in 1492 Christopher Columbus
67%
Peninsula that Russia invaded in 2014 Crimea
50%
Element number 14 Silicon
25%
War-torn country divided into fourteen governorates Syria
25%
Fourteen in binary 1110
8%
Pope Leo XIV's name before becoming pope Robert F. Prevost
8%
No matching quizzes found
Score Distribution
Percent of People with Each Score
Percentile by Number Answered
Your Score History
You have not taken this quiz